HOW TO COMPLETE YOUR RESEARCH PROJECT SUCCESFULLY (Record no. 2236)

000 -LEADER
fixed length control field nam a22 a 4500
005 - DATE AND TIME OF LATEST TRANSACTION
control field 20170515160913.0
008 - FIXED-LENGTH DATA ELEMENTS--GENERAL INFORMATION
fixed length control field 170515b1987 - ||||| |||| 00| 0 eng d
020 ## - INTERNATIONAL STANDARD BOOK NUMBER
International Standard Book Number 8185944024
040 ## - CATALOGING SOURCE
Original cataloging agency AKMAL
082 ## - DEWEY DECIMAL CLASSIFICATION NUMBER
Classification number 370.7 BEL
090 ## - LOCALLY ASSIGNED LC-TYPE CALL NUMBER (OCLC); LOCAL CALL NUMBER (RLIN)
Classification number (OCLC) (R) ; Classification number, CALL (RLIN) (NR) 370.7
Local cutter number (OCLC) ; Book number/undivided call number, CALL (RLIN) BEL
245 ## - TITLE STATEMENT
Title HOW TO COMPLETE YOUR RESEARCH PROJECT SUCCESFULLY
Statement of responsibility, etc. JUDITH BELL
260 ## - PUBLICATION, DISTRIBUTION, ETC.
Place of publication, distribution, etc. UNITED STATES OF AMERICA
Date of publication, distribution, etc. 1987
300 ## - PHYSICAL DESCRIPTION
Extent 140pg,;
Dimensions 25 cm
942 ## - ADDED ENTRY ELEMENTS (KOHA)
Source of classification or shelving scheme
Koha item type Book
Holdings
Withdrawn status Lost status Source of classification or shelving scheme Damaged status Not for loan Collection code Home library Current library Shelving location Date acquired Inventory number Total Checkouts Full call number Barcode Date last seen Price effective from Koha item type
          NON-FICTION AKMAL Melaka AKMAL Melaka PINJAMAN 15.05.2017 302144   370.7 BEL 201706609 15.05.2017 15.05.2017 Book
Pusat Sumber Maklumat Dato' Haji Sarmin Md Hussin, Akademi Kastam Diraja Malaysia, Melaka
Tel: 06-2331106 | Faks: 06-2313787